02689nam a2200265 a 4500003000500000005001700005007001500022008004100037035001100078040000900089100003100098245018200129264004100311300006200352336002700414337002900441338004400470502002800514520170100542650002802243650002602271650002302297700005002320856005302370CHAP20250129094955.0cr ||||||a|c|a110202s2010 mx r 00010 spa d a112083 cCHAP1 aAparicio Lechuga, Marisela10aEstudio florístico y uso de plantas vasculares en los terrenos comunales de ciudad Ixtepec, Oaxacac/por Marisela Aparicio Lechuga; director de tesis Enrique Guízar Nolazco. 1aChapingo, Méx. :bEl autor,c2010. a1 recurso en línea (181 páginas) :bcuadros, figuras. 2rdacontentatextobtxt 2rdamediaacomputadorabc 2rdacarrierarecursos en computadorabcr bIRFcDICIFOd2010.gLIC aSe realizó un estudio florístico y de usos tradicionales en los terrenos comunales del municipio de Ciudad Ixtepec, ubicado dentro del distrito deTehuantepec, Oaxaca. El municipio se sitúa entre los 16°34´ y 16°32´de latitud norte y 94°29´ y 95°06´ de longitud oeste, a una altitud de 40 msnm. El tipo climático de la región es Aw”o(w)ig, es decir, se trata de un clima cálido subhúmedo con lluvias en verano. Los tipos de suelo presentes son cambisol, feozem, luvisol, regosol y vertisol. La vegetación que se desarrolla principalmente es selva baja caducifolia aunque también se encuentra selva mediana subcaducifolia en la parte norte. La investigación de la flora se llevó a cabo mediante el método de barrido florístico; así mismo, se hizo un estudio de usos tradicionales por medio de entrevistas a personas con mayor conocimiento empírico (expertos) de acuerdo con Hernández y Ramos (1985). La lista florística comprende un total de 98 familias botánicas, representadas por 313 géneros y 521 especies, de las cuales 8 pertenecen a la división Pteridophyta y el resto a Magnoliophyta. Las familias botánicas con mayor diversidad de especies son: Euphorbiaceae (29), Fabaceae (29), Asteraceae (28), Mimosaceae (24), Caesalpiniaceae (22) y Poaceae (21). Se encontraron ocho especies vegetales con alguna categoría de riesgo, seis de ellas como amenazadas, una bajo protección especial y otra como vulnerable. Se reportaron 373 plantas con alguna forma de uso, entre los más mencionados se tienen: alimento para ganado (158 plantas), madera para leña (74), medicinal (68), comestible (58) y alimento para los animales del monte (56).14aEtnobotánicazOaxaca.14aPlantasxFloración.14aTierras comunales.1 aGuízar Nolazco, EnriqueeDirector de tesis. uhttp://10.13.5.2/tesis/112083.pdfzDESCARGAR PDF